000 005090000a22001930004500
001 001087
003 MACL
005 20151023155829.0
008 151023b xxu||||| |||| 00| 0 eng d
040 _aMACL
_cMACL
041 _aEnglish
082 _a923.2/NAY
100 _aNayar, Sushila
_916530
245 _aMahatma Gandhi V-6
_bSalt Satyagraha The Watershed
_cSushila Nayar
260 _aAhmedabad
_c1995
_bNavjivan Publishing House,
350 _a400
650 _aBiography
_916538
942 _k923
_cBK
_2ddc
999 _c1082
_d1082